Uncertainty Computation for the Virtual Cement and Concrete Testing Laboratory Measurements
Enregistré dans:
| Auteur principal: | |
|---|---|
| Autres auteurs: | , , , |
| Format: | Chapitre de livre |
| Langue: | anglais |
| Sujets: | |
| Tags: |
Pas de tags, Soyez le premier à ajouter un tag!
|
MARC
| LEADER | 00000nla$a2200000$$$4500 | ||
|---|---|---|---|
| 001 | 0072298 | ||
| 005 | 20240502083207.3 | ||
| 041 | 0 | |a eng | |
| 044 | |a US | ||
| 245 | 1 | 0 | |a Uncertainty Computation for the Virtual Cement and Concrete Testing Laboratory Measurements |c Blaza Toman, Charles Hagwood, Adriana Hornikova, Hung-kung Liu, Nien-Fan Zhang |
| 610 | 2 | 0 | |a analýza štatistická |
| 610 | 2 | 0 | |a simulácia |
| 610 | 2 | 0 | |a modely |
| 610 | 2 | 0 | |a meranie |
| 100 | 1 | |a Toman, Blaza | |
| 700 | 1 | |a Hagwood, Charles | |
| 700 | 1 | |a Horníková, Adriana | |
| 700 | 1 | |a Liu, Hung-Kung | |
| 700 | 1 | |a Zhang, Nien-Fan | |